000 00382nam a2200157 i 4500
001 bg
100 1 _aSZCZEPANIIK, T.
245 0 _aUmowy w zakresie wynalazczości /
_cT. Szczepanik, A. Szewc.
250 _aWyd.3 zmien.,uzup.
260 _aWarszawa,
_c1986.
700 1 _aSZEWC, A.
040 _cBPK
041 _apol
942 _cKS
008 s pl f |000 0 pol
999 _c3424
_d3424
856 _uhttp://koha.tu.koszalin.pl/cgi-bin/koha/opac-detail.pl?biblionumber=3424
_yKatalog online BPK